01430cam a22003371 4500001001300000003000400013005001700017008004100034010001700075035001900092040004100111042001200152050004000164082001700204100003700221245005400258260002100312300007200333490009400405500005100499500012100550500002600671500013000697500009200827500005900919650002800978700002401006700002101030700002001051740002101071l 44000206 DLC20260227111539.0800312s1944 quca 000 0 eng c al 44000206  a(OCoLC)6073278 aU.S. Dept. of labor. Libr.cOCldDLC apremarc00aHD4813b.I4 Ser. F, 2d sect., no. 9 a331.823082 s1 aTaylor, George Stevenson,d1879-14aThe safe installation and use of abrasive wheels. aMontreal,c1944. a1 p. l., iv. p., 1 l., 175 p. incl. illus., tables, diagrs.c24 cm.0 aInternational labor office. Studies and reports. Series F, second section (Safety)vno. 9 aAt head of title: International labour office. aPrepared by G. Stevenson Taylor under the direction of the I. L. O. Correspondence committee on accident prevention. aErrata slip inserted. a"Analytical and experimental study of the conditions of resistance of abrasive wheels, by Dr. Vitaliano Colombo": p. [59]-68. a"The stresses in rotating disks, by Thos. H. Frost ... and K. F. Whitcomb": p. [69]-94. a"Safety regulations in various countries": p.[95]-175. 0aGrinding and polishing.1 aColombo, Vitaliano.1 aFrost, Thomas H.1 aWhitcomb, K. F.0 aAbrasive wheels.